Statistiques concernant Chaîne de mots de 4 lettres - Littérature

Cliquez ici pour prendre le quiz!

Statistiques générales

  • Ce quiz a été pris 7 225 fois
  • Le résultat moyen est 13 sur 26

Statistiques - réponses

IndiceRéponse% Correct
Dévore l'agneau dans une célèbre fableLoup
94%
Baloo ou PaddingtonOurs
85%
Phileas Fogg fit celui "du monde" en
80 jours
Tour
81%
Division d'une pièce de théâtreActe
80%
Andersen: La Princesse au petit ____Pois
77%
Précède "héros" quand celui-ci n'a pas
les caractéristiques du héros classique
Anti
69%
Weir: ____ sur MarsSeul
58%
Auteur de La Ligne verte et ÇaKing
57%
Prénom de Madame BovaryEmma
56%
Couleur bleue de manière littéraireAzur
54%
Héros de Sans Famille d'Hector MalotRémi
51%
Tolstoï : ____ KarénineAnna
49%
Capitaine du NautilusNemo
49%
King chez Kessel, Aslan chez LewisLion
47%
Druon: Les ____ MauditsRois
47%
Poème de Rimbaud : Le Bateau ____Ivre
46%
Pays où est né Sinbad le MarinIrak
41%
Auteur de Charlie et la ChocolaterieDahl
39%
Brontë: Jane ____Eyre
38%
Roman de science-fiction par F. HerbertDune
37%
Département où est né Alphonse DaudetGard
36%
Pseudonyme masculin d'Aurore DupinSand
35%
Neuvième volet des "Rougon-Macquart"Nana
28%
Indique une sortie de scène au théâtreExit
21%
London: Martin ____Eden
20%
Récit légendaire scandinaveSaga
18%

Distribution des résultats

Percentile par nombre de réponses

% des personnes avec chaque résultat

Votre développement - résultats

Vous n’avez pas pris ce quiz